Guess the Kanye West song abbreviated - Statistics

General Stats
  • This quiz has been taken 86 times
  • The average score is 10 of 22
Answer Stats
Answer Song Abbr. % Correct
Devil In A New Dress DIAND
90%
Jesus Walks JW
85%
Can’t Tell Me Nothing CTMN
79%
All Of The Lights AOTL
75%
Father Stretch My Hands Part 1 FSMHP1
69%
No More Parties In LA NMPILA
65%
Good Life GL
57%
Diamonds From Sierra Leone DFSL
50%
Hell Of A Life HOAL
49%
Drunk And Hot Girls DAHG
47%
See You In My Nightmares SYIMN
47%
Everything I Am EIA
34%
The New Workout Plan TNWP
34%
Gold Digger GD
32%
Lost In The World LITW
29%
Blood On The Leaves BOTL
25%
Hold My Liquor HML
22%
Never Let Me Down NLMD
19%
Street Lights SL
18%
Touch The Sky TTS
18%
Welcome To The Jungle WTTJ
13%
Bring Me Down BMD
6%
No matching quizzes found
Score Distribution
Percent of People with Each Score
Percentile by Number Answered
Your Score History
You have not taken this quiz